Horno solar para secar madera en la sierra huichola.

Enregistré dans:
Détails bibliographiques
Auteur principal: Kunze, Gerhard (autor)
Format: Livre
Langue:espagnol
Collection:(Huella: Cuadernos de Divulgación Académica ; 10)
Sujets:
Tags: Ajouter un tag
Pas de tags, Soyez le premier à ajouter un tag!

MARC

LEADER 00000nam^a2200000^u^4500
001 000525789
005 20250521000000.0
008 130410s10001000^^^^cr^^r^^^^^000^0^spa^d
009 20260310130654.161
020 |a 968-511-011-5 
035 |a FCE 000070034 
037 |a Acervo ITESO - Biblioteca 
041 |a spa 
082 0 4 |a 621.477  |b KUNh 
100 |a Kunze, Gerhard  |e (autor) 
240 1 1 |a [Huella: Cuadernos de Divulgación Académica] 
245 1 0 |a Horno solar para secar madera en la sierra huichola. 
264 |a México:  |b ITESO,  |c 1984. 
300 |a 26 p. 
300 |a 1 folleto 
336 |a texto  |b txt  |2 rdacontenido 
337 |a sin mediación  |b n  |2 rdamedio 
338 |a volumen  |b nc  |2 rdasoporte 
440 1 |a (Huella: Cuadernos de Divulgación Académica ;  |v 10) 
649 |a XX 
650 |a Tecnología 
650 |a Energia solar 
910 |a Fondo Centro de Estudios Educativos 
920 |a Impresos - Libros 
930 |a Fondos Especiales 
905 |a 133 
901 |a ALE073832  |b IT2  |c CEE  |u 20250521 
902 |a https://opac.biblio.iteso.mx/vufind/Record/000525789